| 000 | 00793nam a2200181 i 4500 | ||
|---|---|---|---|
| 001 | 157042 | ||
| 003 | ES-MaACL | ||
| 005 | 20230906210552.0 | ||
| 008 | 010122s1893 sp |||| | spa d | ||
| 100 | 1 |
_aLapoulide, Juan Lorenzo ( _dm. 1906) _9163573 |
|
| 245 | 1 | 1 |
_a¡Por la patria! _b: cartas del coronel Santiponce / _cpor Juan Lapoulide. |
| 260 |
_aMadrid : _b[s.n.], _c1893 ( _fImp. de "El Correo Militar", a cargo de H. Sevilla) |
||
| 300 |
_a130 p. ; _c18 cm. |
||
| 530 | _aDisponible en formato digital. | ||
| 650 | 0 | 4 |
_aFuerzas armadas- _zEspaña- _yS.XIX. _913003 |
| 852 |
_aES-MaACL _jT-709-F-9 _z- Enc. hol., conservando cub. original _z- Enc. en un vol. facticio |
||
| 856 |
_uhttps://bvpb.mcu.es/es/consulta/registro.do?id=577735 _zBiblioteca Virtual del Patrimonio Bibliográfico |
||
| 999 |
_c157042 _d157042 |
||